Informatizácia ako základ vedomostne orientovanej spoločnosti
Moderné technológie v dnešnom virtuálnom svete sa stávajú základom intenzívnejšej komunikácie a efektívnejšieho vzdelávania. Umožňujú užívateľom prijímať a vymieňať si informácie a znalosti bez geografického a časového obmedzenia a sú základnou hybnou silou rozvoja vedomostne orientovanej spoločnost...
Na minha lista:
| Autor principal: | |
|---|---|
| Outros Autores: | , |
| Formato: | Capítulo de Livro |
| Idioma: | eslovaco |
| Assuntos: | |
| Tags: |
Sem tags, seja o primeiro a adicionar uma tag!
|
MARC
| LEADER | 00000naa a2200000 4500 | ||
|---|---|---|---|
| 001 | 0216340 | ||
| 005 | 20220718121425.7 | ||
| 041 | 0 | |a slo | |
| 044 | |a SK | ||
| 245 | 1 | 0 | |a Informatizácia ako základ vedomostne orientovanej spoločnosti |c Eva Mihaliková, Katarína Čulková, Marcela Taušová |
| 520 | |a Moderné technológie v dnešnom virtuálnom svete sa stávajú základom intenzívnejšej komunikácie a efektívnejšieho vzdelávania. Umožňujú užívateľom prijímať a vymieňať si informácie a znalosti bez geografického a časového obmedzenia a sú základnou hybnou silou rozvoja vedomostne orientovanej spoločnosti. Potreba a prínosy informačnej spoločnosti a stav informatizácie v Slovenskej republike. Najdôležitejším prínosom informatizácie spoločnosti je nová kvalita spoločenského, hospodárskeho a politického života, teda zvýšenie kvality života každého občana a vytvorenie podmienok pre budovanie vedomostného hospodárstva využívaním metód a prostriedkov, vrátane IKT. Používanie informačno-komunikačných technológií je základným predpokladom existencie v súčasnom virtuálnom svete. Moderné technológie ponúkajú rôzne efektívnejšie spôsoby spracovávania dát, tvorby i distribúcie informácií a znalostí. | ||
| 610 | 2 | 0 | |a Slovensko |
| 610 | 2 | 0 | |a komunikácia elektronická |
| 610 | 2 | 0 | |a spoločnosť vedomostná |
| 610 | 2 | 0 | |a spoločnosť informačná |
| 610 | 2 | 0 | |a technológie informačné |
| 610 | 2 | 0 | |a technológie komunikačné |
| 610 | 2 | 0 | |a informatizácia |
| 100 | 1 | |a Mihaliková, Eva | |
| 700 | 1 | |a Čulková, Katarína | |
| 700 | 1 | |a Taušová, Marcela | |